| 000 | 00638nam a2200241Ia 4500 | ||
|---|---|---|---|
| 008 | 180523s9999 xx 000 0 und d | ||
| 020 | _a0-07-230587-3 | ||
| 050 | _aMAIN HF 5718 | ||
| 050 | _b.L63 2001 | ||
| 100 | _aLocker, Kitty O. | ||
| 245 | 0 | _aBusiness communication : | |
| 245 | 0 | _bbuilding critical skills / | |
| 245 | 0 | _cKitty O. Locker, Stephen Kyo Kaczmarek. | |
| 250 | _aInternational Edition | ||
| 260 | _aNew York : | ||
| 260 | _bMcGraw-Hill, | ||
| 260 | _c2003 | ||
| 300 | _a582 pages : | ||
| 300 | _billustrations ; | ||
| 300 | _c25 cm. | ||
| 500 | _aIncludes index. | ||
| 650 | _aBusiness Communication. | ||
| 999 |
_c357218 _d357218 |
||